000 00825nam a2200229 u 4500
001 000272049
003 AM-YeHGA
005 20250618071807.0
008 031014s1988 ai r 000 0 arm d
020 _a5550000474
040 _aAM-YeHGA
041 0 _aarm
100 1 _aՄկրտչյան, Հարություն Գաբրիելի,
_d1903-1992
_91865
245 1 0 _aԶղջում :
_bՎեպ /
_cՀ. Մկրտչյան; Խմբ.՝ Ե.Մ. Պետրոսյան.
260 _aԵրևան :
_bՍովետական գրող,
_c1988.
300 _a516 էջ ;
_c22 սմ.
650 1 4 _aՀայ գրականություն
_xՎեպ
653 0 _aՔրեական աշխարհ
653 0 _aՀայրենական մեծ պատերազմ
700 1 _aՊետրոսյան, Եղիշե Մանուկի,
_d1912-1982
_eխմբ.
_4edt
_91402
090 _c99924
999 _c98613
_d98613